000 00641nam a2200217 i 4500
001 C2-0297016
003 PPAK
005 20180728075311.0
008 090506s2008 xx a|||| ||||| | may d
040 _aPPAK
_beng
_cPPAK
_erda
082 0 4 _a352.4809595112
_223
090 0 0 _a352.4809595112
_bBAD
_dKK
245 0 0 _aBajet 2009
264 1 _a[place of publication not identified] :
_b[publisher not identified] ,
_c2008
300 _a[various pages] :
_billustrations ;
_c30 cm
336 _2rdacontent
_atext
337 _2rdamedia
_aunmediated
338 _2rdacarrier
_avolume
650 1 0 _aBudget - Malaysia - Kedah
942 _ddc
_cB
999 _c101417
_d101417